00479nam a2200193 a 4500001001300000003000900013005001700022008004100039020001000080082001600090100001900106245004100125260002600166300000900192500003500201505001000236650002000246700001900266nice12345678IN_TiNIC20260116012346.0050524s1983 leba grp 000 0 ara  ac10000a230.41bLUT aLuther, Martin aSharhun Mujazli Usul-E-Taleem Masihi aLebanonbBeirutc1983 a184p aincludes index and biblioraphy2 aIndex aTheology-Luther1 aLuther, Martin